000 00461nam a2200181Ia 4500
003 GCL
008 140319s9999 xx 000 0 eng d
040 _aGCL /
_cGCL
082 0 4 _a103
_bK A
100 1 _aKUNZMAN, PETER
245 1 0 _aATLAS DE LA PHILOSOPHIE /
_cKUNZMAN, PETER
260 _a[S.N] :
_bLE LIVRE DE POCHE ،
_c1994
300 _a277 P
490 _aLE LIVRE DE POCHE
_v0
650 0 4 _aPHILOSOPHY
650 0 4 _aENCYCLOPEDIES
942 _2ddc
_cBK
999 _c22335
_d22335